000 05225cam a2201057 a 4500
999 _c56694
001 13272555
003 LIBRIS
005 20210316150348.0
008 120427s2012 sw |||||||||||000 0aswe|c
020 _a9789170922046
_qinb.
035 _a(Bo)499854
040 _aLGEN
_dS
_ea
041 _aswe
082 0 4 _a070.449796092
_223/swe
084 _aBt
_2kssb/8 (machine generated)
100 1 _aEngstrand, Tommy,
_d1939-
_4aut
_0https://libris.kb.se/42gkrt6n57npk7t#it
245 1 0 _aMästare jag mött :
_bMuhammad Ali, Björn Borg och jag /
_cTommy Engstrand.
264 1 _aStockholm :
_bEkerlid,
_c2012
264 3 _aFalun :
_bScandbook
300 _a352 s., [8] pl-s.
_bill.
_c22 cm
600 1 4 _aEngstrand, Tommy,
_d1939-
_0https://libris.kb.se/42gkrt6n57npk7t#it
650 7 _aSportjournalister
_0https://id.kb.se/term/sao/Sportjournalister
_2sao
650 0 _aSportscasters
650 0 _aSportswriters
653 _aBiografier
653 _aEngstrand, Tommy
653 _aSportjournalistik
655 7 _aBiografi
_0https://id.kb.se/term/saogf/Biografi
_2saogf
887 _a{"@id":"5phlj2rh5qzq13k","modified":"2016-04-04T14:17:08+02:00","checksum":"136334003434"}
_2librisxl
887 _a{"@id":"hmtgxtxn0bfphgl","modified":"2014-04-01T12:07:17+02:00","checksum":"123572667022"}
_2librisxl
887 _a{"@id":"kpwbc89q0f847tz","modified":"2012-10-02T13:14:41+02:00","checksum":"148446778790"}
_2librisxl
887 _a{"@id":"8dl10s1f4pq30nk","modified":"2013-08-21T13:28:07+02:00","checksum":"157210502029"}
_2librisxl
887 _a{"@id":"qv2hh6sw0r2h08s","modified":"2017-02-06T18:12:08+01:00","checksum":"124927797661"}
_2librisxl
887 _a{"@id":"15c22d6639jsc6t","modified":"2016-03-07T10:20:05+01:00","checksum":"168924276019"}
_2librisxl
887 _a{"@id":"26dttcc75t8gltj","modified":"2012-09-21T08:38:44+02:00","checksum":"168117667547"}
_2librisxl
887 _a{"@id":"gls7lnpm3zq15f5","modified":"2012-11-09T12:22:34+01:00","checksum":"130542061913"}
_2librisxl
887 _a{"@id":"gls75jpm5j4cczn","modified":"2012-09-12T14:33:28+02:00","checksum":"167773797732"}
_2librisxl
887 _a{"@id":"7cldxzqd4kb05p8","modified":"2015-06-22T10:51:12+02:00","checksum":"141358020181"}
_2librisxl
887 _a{"@id":"7clkl85d2dx98l7","modified":"2016-03-04T14:30:30+01:00","checksum":"144774833002"}
_2librisxl
887 _a{"@id":"26dtfrr756k3gcs","modified":"2012-11-05T19:29:34+01:00","checksum":"127224919819"}
_2librisxl
887 _a{"@id":"rw3k4zkx533qw29","modified":"2013-01-07T10:46:15+01:00","checksum":"172350171208"}
_2librisxl
887 _a{"@id":"bgn317rh1l9z1gt","modified":"2012-09-10T13:33:51+02:00","checksum":"180168979861"}
_2librisxl
887 _a{"@id":"26dts7w704s1f4h","modified":"2012-09-13T14:13:17+02:00","checksum":"136129061319"}
_2librisxl
887 _a{"@id":"6bjzx4cc2qvnd36","modified":"2012-09-18T14:52:25+02:00","checksum":"176214980755"}
_2librisxl
887 _a{"@id":"x28qlh9313ncgpm","modified":"2013-01-02T17:08:53+01:00","checksum":"150663735545"}
_2librisxl
887 _a{"@id":"z39rmv340pdmwjn","modified":"2013-08-01T11:26:39+02:00","checksum":"125117472893"}
_2librisxl
887 _a{"@id":"lqxcd4nr55v4f76","modified":"2012-10-01T08:59:38+02:00","checksum":"131265414138"}
_2librisxl
887 _a{"@id":"5h1g5v5t33sr63h0","modified":"2020-07-21T10:52:23.477+02:00","checksum":"153746548104"}
_2librisxl
942 _2z
_cBOOK